00458 2200169 4500001002100000008004100021035002000062245007200082100000800154260003800162300001200200020001800212084001400230082000800244650001700252990001900269INLIS000000000001201 IND  a0010-0724001201 aENSIKLOPEDIA IPTEK ENSIKLOPEDIA SAINS UNTUK PELAJAR DAN UMUM 4cTIM aTIM aJakarta :bPT LENTERA ABADIc2007 a475 HLM a979-3535-00-8 a503 NIN e a503 aIlmu Sejarah aP29/CP/24/1201